| 000 | 00911cab a2200217 4500 | ||
|---|---|---|---|
| 001 | ABS38817 | ||
| 008 | 090401t1988 xxu||||| |||| 00| 0 eng d | ||
| 035 | _a(Sirsi) u12531 | ||
| 041 | _aeng | ||
| 100 | _aYoung, E. | ||
| 245 | _aCanopies, advertising and the law | ||
| 260 | _c1988 | ||
| 350 | _a0 | ||
| 490 |
_aEstates Gazette _v(8805) 6 February 1988, 22-23(2) |
||
| 520 | _aDiscusses planning law with regard to outdoor canopies or blinds on business premises. Refers to relevant planning appeal decisions, which turned on whether the primary purpose for the erection of a canopy was to display an advertisement or to shade goods from sunlight. Concentrates on Scottish appeal decisions. Bibliography. | ||
| 650 | _aTOWN AND COUNTRY PLANNING ACT 1971 S64 | ||
| 650 | _aTOWN AND COUNTRY PLANNING (SCOTLAND) ACT 1972 S62 | ||
| 690 | _aPLANNING LAW AND PRACTICE | ||
| 942 | _n0 | ||
| 948 | _c04/03/1997 | ||
| 999 |
_c8009 _d8009 |
||